Libertines, Dirty Pretty Things or Babyshambles? 4 - Statistics

General Stats
  • This quiz has been taken 12 times
    10 since last reset
  • The average score is 9 of 15
Answer Stats
Question Answer % Correct
Tired of England Dirty Pretty Things
100%
Truth Begins Dirty Pretty Things
88%
France the Libertines
88%
Stone Me Babyshambles
75%
Milkman's Horse the Libertines
75%
Revelations Babyshambles
63%
East of Eden Babyshambles
63%
Weekenders Dirty Pretty Things
63%
Barbarians the Libertines
63%
Hippy's Son Dirty Pretty Things
50%
B.U.R.MA Dirty Pretty Things
50%
Monkey Casino Babyshambles
38%
Bundles Babyshambles
38%
Smashing the Libertines
38%
Bound Together the Libertines
25%
No matching quizzes found
Score Distribution
Percent of People with Each Score
Percentile by Number Answered
Your Score History
You have not taken this quiz since the last reset